MARC
| LEADER | 00000nab a2200000uu 4500 | ||
|---|---|---|---|
| 001 | vtls011496693 | ||
| 003 | SK-MaSNL | ||
| 005 | 20260227085150.0 | ||
| 008 | 240911|1986 xo |||||||||||||||||slo| | ||
| 015 | |a SNBRB | ||
| 035 | |a (urnnbn)urn:nbn:sk:snk:ar-000sjp | ||
| 035 | |a (uuid)d5a1b01f-eaf6-4d4b-bd23-77396fc25e90 | ||
| 035 | |a urn:nbn:sk:snk-abds4w | ||
| 040 | |a SNKBUCL |b slo |c SNKBUCL |e AACR2 | ||
| 041 | 0 | |a slo | |
| 044 | |a xo |c SK | ||
| 245 | 0 | 0 | |a Čriepky zo Scénickej žatvy |
| 773 | 0 | |t Javisko |g Roč. 18, č. 2 (1986), s. 62-64 | |
| 958 | |a OND | ||
| 958 | |a EUIPO | ||
| 958 | |a article20 | ||
| 999 | |c 2537113 |d 2539043 | ||


